| 000 | 00492cam a2200181 4500 | ||
|---|---|---|---|
| 001 | J106739 | ||
| 008 | 000000n2000 000 0 eng u | ||
| 035 | _a(Sirsi) u106739 | ||
| 050 | _a333.0062 | ||
| 110 |
_aRoyal Institution of Chartered Surveyors _94900 |
||
| 245 | _aLIONHEART centenary 1899-1999 | ||
| 260 |
_aLondon _bRICS _c2000 |
||
| 300 | _a12p. ; 30cm. | ||
| 650 | _aLIONHEART | ||
| 650 | _aROYAL INSTITUTION OF CHARTERED SURVEYORS | ||
| 690 | _aRICS NEWS | ||
| 942 |
_n0 _2ddc |
||
| 999 |
_c100625 _d100625 |
||